Glycomicrobiology

সংরক্ষণ করুন:
গ্রন্থ-পঞ্জীর বিবরন
প্রধান লেখক: Glycomicrobiology
বিন্যাস: গ্রন্থ
ভাষা:Undetermined
প্রকাশিত: New York Kluwer Academic 1999
বিষয়গুলি:
ট্যাগগুলো: ট্যাগ যুক্ত করুন
কোনো ট্যাগ নেই, প্রথমজন হিসাবে ট্যাগ করুন!
Thư viện lưu trữ: Trung tâm Học liệu Trường Đại học Cần Thơ
LEADER 00493nam a2200169Ia 4500
001 CTU_48840
008 210402s9999 xx 000 0 und d
082 |a 572.567293 
082 |b G568 
100 |a Glycomicrobiology 
245 0 |a Glycomicrobiology 
245 0 |c Glycomicrobiology, Ron J. Doyle 
260 |a New York 
260 |b Kluwer Academic 
260 |c 1999 
650 |a glycoconjugates,glycoproteins,microbial metabolism 
980 |a Trung tâm Học liệu Trường Đại học Cần Thơ